| 000 | 00481 a2200169 4500 | ||
|---|---|---|---|
| 003 | OSt | ||
| 005 | 20231227161825.0 | ||
| 008 | 231227b |||||||| |||| 00| 0 eng d | ||
| 020 | _a9789352290260 | ||
| 040 | _coclc | ||
| 082 |
_a891.43 _bTIW/S |
||
| 100 |
_aTiwari, Ajay _910225 |
||
| 245 |
_aSOUNDARYASHASTRA KE PRASHN / _cAjay Tiwari |
||
| 260 |
_aNew Delhi: _bVani Prakashan, _c2015. |
||
| 300 | _a134p | ||
| 942 |
_2ddc _cBK _h891.43 _iTIW/S _k891.43 _mTIW/S |
||
| 999 |
_c43600 _d43600 |
||